000 00236 a2200097 4500
001 59672
100 _a
245 _a100 ideas for developing ; Good Practice in the Early Years
260 _aUK
_bContinuum
_c2008
090 _c36547
_d36547
942 _aNUST-CAE
_c
_c29499
999 _c294745
_d294745